000 00616nam a2200217Ia 4500
003 0100
008 130303s9999 xx 000 0 und d
040 _cARRUPELIB
050 _aJC423.C7471994
100 _aLegters, Lyman (ed)
245 _aCritical Perspectives on Democracy
260 _aLanham, Maryland
260 _bRowman Littlefield Publishers, Inc
260 _C1994
300 _a173p
650 _bCatholic Church--Kenya--Pastoral letters
650 _cChristian sociology--Catholic Church
650 _dChristian sociology--Kenya
700 _aBurke, John P.DiQuattro, Arthur
942 0 0 _01
999 _c18622
_d18622